Ч. III: Влияние качества поставляемого угля из юго-восточной части Ирша-Бородинского разреза на работу парогенераторов: заключительный отчет; Исследование особенностей поведения минеральной части угля при сжигании в топках парогенераторов

Podrobná bibliografie
Parent link:Исследование особенностей поведения минеральной части угля при сжигании в топках парогенераторов: отчет о НИР/ Томский политехнический институт ; руководитель И. К. Лебедев ; исполнитель А. Г. Васильев. Ч. III: Влияние качества поставляемого угля из юго-восточной части Ирша-Бородинского разреза на работу парогенераторов.— , 1979
Jazyk:ruština
Vydáno: 1979
Témata:
Médium: MixedMaterials Kniha
KOHA link:https://koha.lib.tpu.ru/cgi-bin/koha/opac-detail.pl?biblionumber=118389

MARC

LEADER 00000nbm0a2200000 4500
001 118389
005 20231031124117.0
035 |a (RuTPU)RU\TPU\book\128109 
090 |a 118389 
100 |a 20070609d1979 k y0rusy50 ca 
101 0 |a rus 
102 |a RU 
105 |a a p 001zy 
200 0 |a Ч. III: Влияние качества поставляемого угля из юго-восточной части Ирша-Бородинского разреза на работу парогенераторов  |e заключительный отчет 
210 |d 1979 
215 |a 95 л.  |c ил. 
320 |a Библиогр.: с. 94. 
461 |t Исследование особенностей поведения минеральной части угля при сжигании в топках парогенераторов  |o отчет о НИР  |f Томский политехнический институт ; руководитель И. К. Лебедев ; исполнитель А. Г. Васильев  |v Ч. III: Влияние качества поставляемого угля из юго-восточной части Ирша-Бородинского разреза на работу парогенераторов  |d 1979 
610 1 |a парогенераторы 
610 1 |a уголь 
610 1 |a минеральная часть 
610 1 |a сжигание в топках 
610 1 |a особенности 
610 1 |a отчеты о НИР 
675 |a 621.182(04)  |v 3 
801 1 |a RU  |b 63413507  |c 20070609  |g PSBO 
801 2 |a RU  |b 63413507  |c 20080124  |g PSBO 
942 |c BK